Marketingový controlling v manažmente podniku

Podstata a význam marketingového kontrolingu. Marketingový plán a marketingové plánovanie. Štyri základné typy marketingovej kontroly. Najdôležitejšie ciele marketingového kontrolingu. Informačné zabezpečenie marketingového kontrolingu.

Saved in:
Bibliographic Details
Main Author: Čihovská, Viera
Format: Book Chapter
Language:Slovak
Subjects:
Tags: Add Tag
No Tags, Be the first to tag this record!

MARC

LEADER 00000nla$a2200000$$$4500
001 0114101
005 20240502072253.7
041 0 |a slo 
044 |a SK 
245 1 0 |a Marketingový controlling v manažmente podniku  |c Viera Čihovská 
520 |a Podstata a význam marketingového kontrolingu. Marketingový plán a marketingové plánovanie. Štyri základné typy marketingovej kontroly. Najdôležitejšie ciele marketingového kontrolingu. Informačné zabezpečenie marketingového kontrolingu. 
610 2 0 |a marketing 
610 2 0 |a kontroling 
610 2 0 |a plánovanie 
610 2 0 |a plán marketingový 
610 2 0 |a náklady 
610 2 0 |a rentabilita 
610 2 0 |a efektívnosť 
610 2 0 |a kampane reklamné 
610 2 0 |a systémy informačné 
100 1 |a Čihovská, Viera